Top 5 Collectivist and Top 5 Individualist Nations Quiz Stats

 Plays Quiz not verified by Sporcle

Score 0/10 Timer 05:00
0 Plays Today
Hints Nations % Correct
#1 IndividualistUnited States
85%
#1 CollectivistChina
81%
#2 IndividualistAustralia
77%
#4 IndividualistGermany
72%
#5 CollectivistKorea
49.5%
#4 CollectivistPakistan
42%
#3 IndividualistDenmark
37%
#2 CollectivistColombia
36%
#3 CollectivistIndonesia
35.5%
#5 IndividualistFinland
32.5%

You're not logged in!

Compare scores with friends on all Sporcle quizzes.
Join for Free
OR
Log In

You Might Also Like...

Show Comments

Extras

Created Jan 22, 2012ReportNominate
Tags:Nation Quiz, Top 5

Top Quizzes Today


Score Distribution

Your Account Isn't Verified!

In order to create a playlist on Sporcle, you need to verify the email address you used during registration. Go to your Sporcle Settings to finish the process.

Report this User

Report this user for behavior that violates our Community Guidelines.

Details: